Normal view
MARC view
- Durrant, Geraldine
Entry Nombre Personal
001 - NUMERO DE CONTROL
- campo de control: 39204
003 - IDENTIFICADOR DE NUMERO DE CONTROL
- campo de control: UPN
005 - FECHA Y HORA DE LA ÜLTIMA TRANSACCIÓN
- campo de control: 20210219194543.0
008 - DATOS DE LONGITUD FIJA
- campo de control de longitud fija: nabaccnnaabn|||||||||| b |nc|||||d
035 ## - NUMERO DE CONTROL
- Número de control: UPN11000011311
040 ## - FUENTE DE CATALOGACIÓN
- Lenguaje de catalogación: SPA
- Agencia de transcripción: UPN
100 1# - ENCABEZAMIENTO - NOMBRE PERSONAL
- Nombre personal: Durrant, Geraldine
670 ## - FUENTE EN LA QUE SE LOCALIZARON DATOS
- Cita de la fuente: T
- Información localizada: uhttps://translate.google.com.mx/translate?hl=es&sl=en&u=https://www.amazon.co.uk/Geraldine-Durrant/e/B00385MSNG&prev=search
680 ## - NOTA PUBLICA DE ACCESO PÚBLICO
- Frase explicativa de la referencia: Británica. Escritora y periodista
902 ## - CATALOGADOR
- Catalogador: EMR/101016
